Diritto Civile Italiano (Record no. 28865)
[ view plain ]
| 000 -LEADER | |
|---|---|
| campo de control de longitud fija | 00674nam a2200193 i 4500 |
| 001 - NÚMERO DE CONTROL | |
| campo de control | 28865 |
| 003 - IDENTIFICADOR DE NÚMERO DE CONTROL | |
| campo de control | ES-MaACL |
| 005 - FECHA Y HORA DE LA ÚLTIMA TRANSACCIÓN | |
| campo de control | 20230906153935.0 |
| 007 - CAMPO FIJO DE DESCRIPCIÓN FÍSICA--INFORMACIÓN GENERAL | |
| campo de control de longitud fija | t| |
| 008 - DATOS DE LONGITUD FIJA--INFORMACIÓN GENERAL | |
| campo de control de longitud fija | 030120s1943 it ||||1| ita d |
| 100 1# - ENTRADA PRINCIPAL--NOMBRE DE PERSONA | |
| Nombre de persona | Azzariti, Francesco Saverio. |
| 9 (RLIN) | 24385 |
| 245 10 - MENCIÓN DEL TÍTULO | |
| Título | Diritto Civile Italiano |
| Resto del título | : disposizioni sulla legge in generale e Libro I del Codice / |
| Mención de responsabilidad, etc. | Francesco Saverio Azzariti, Giovanni Martinez, Giuseppe Azzariti. |
| 250 ## - MENCION DE EDICION | |
| Mención de edición | 2ª ed., amp. e corr. |
| 260 ## - PUBLICACIÓN, DISTRIBUCIÓN, ETC. | |
| Lugar de publicación, distribución, etc. | Padova : |
| Nombre del editor, distribuidor, etc. | Cedam, |
| Fecha de publicación, distribución, etc. | 1943 ( |
| Fabricante | La Garangola) |
| 300 ## - DESCRIPCIÓN FÍSICA | |
| Extensión | 2 v. ; |
| Dimensiones | 26 cm. |
| 700 1# - ENTRADA AGREGADA--NOMBRE PERSONAL | |
| Nombre de persona | Martinez, Giovanni. |
| 9 (RLIN) | 77745 |
| 700 1# - ENTRADA AGREGADA--NOMBRE PERSONAL | |
| Nombre de persona | Azzariti, Giuseppe. |
| 9 (RLIN) | 24386 |
| 852 ## - LOCALIZACIÓN | |
| Ubicación | ES-MaACL |
| Número de control de estantería | C-5201-2 |
| Sublocalización o colección | R.25789 |
| Estatus retirado | Estado de pérdida | Estado de daño | No para préstamo | Biblioteca de origen | Biblioteca actual | Ubicación en estantería | Fecha de adquisición | Fuente de adquisición | Total de préstamos | Signatura topográfica completa | Código de barras | Visto por última vez | Precio de reemplazo | Tipo de ítem Koha |
|---|---|---|---|---|---|---|---|---|---|---|---|---|---|---|
| Biblioteca del Ateneo de Madrid | Biblioteca del Ateneo de Madrid | Sala Palomar | 17/01/2008 | C-5201-2 | 1029801 | 23/02/2023 | 23/02/2023 | Libro impreso |
